[Event "Noworoczna"]
[Site "http://www.queenalice.com/game.php?id=1135324"]
[Date "2012.12.29"]
[Round "-"]
[White "rfme"]
[Black "pepe72"]
[Result "0-1"]
[WhiteElo "1542"]
[BlackElo "1507"]

1. g3 e5 2. Bg2 c6 3. Nc3 d5 4. e4 d4 5. Na4 b5 6. Qh5 Bd6 7. Nc5 g6 8. Qh4 Qxh4
9. gxh4 Bxc5 10. d3 Nf6 11. Bg5 Be7 12. a3 h6 13. Bxf6 Bxf6 14. h5 gxh5 15. b4
Rg8 16. Bf3 Bg4 17. Bxg4 Rxg4 18. Ne2 a5 19. h3 Rg6 20. Ng3 axb4 21. Nxh5 bxa3
22. f4 exf4 23. Nxf4 Rg3 24. h4 Rg4 25. Rf1 Bxh4+ 26. Ke2 Bg5 27. Nh5 b4 28. Rf5
Nd7 29. Ng7+ Ke7 30. Kf3 Rf4+ 31. Rxf4 Bxf4 32. Kxf4 f6 33. Nf5+ Kf7 34. Nxh6+
Kg6 35. Ng4 c5 36. e5 fxe5+ 37. Nxe5+ Nxe5 38. Kxe5 Kf7 39. Kd5 Rc8 40. Kd6 Ke8
41. Re1+ Kf7 42. Kd7 Ra8 43. Kd6 c4 44. dxc4 d3 45. cxd3 a2 46. c5 a1=Q 47. Rxa1
Rxa1 48. c6 Rc1 49. c7 Rxc7 50. Kxc7 b3 51. d4 b2 52. d5 b1=Q 53. d6 Qc1+ 54.
Kd8 Ke6 55. d7 Qd2 56. Ke8 Qxd7+ 0-1

[Event "Challenge"]
[Site "http://www.queenalice.com/game.php?id=1135503"]
[Date "2012.12.29"]
[Round "-"]
[White "rfme"]
[Black "fougalios"]
[Result "1-0"]
[WhiteElo "1499"]
[BlackElo "1556"]

1. e4 d5 2. e5 c5 3. d4 cxd4 4. Qxd4 Nc6 5. Qf4 Qc7 6. Bb5 a6 7. Bxc6+ bxc6 8.
Nf3 h6 9. O-O g5 10. Qd4 g4 11. Nfd2 Bf5 12. Nc3 e6 13. Na4 c5 14. Qe3 d4 15.
Qe2 Qc6 16. b3 Ne7 17. Nc4 Nd5 18. Na5 Qc7 19. Nc4 h5 20. Bd2 Bg7 21. Ba5 Qd7
22. Nxc5 Qc6 23. Nd6+ Kf8 24. Nd3 Bxd3 25. cxd3 Nf4 26. Qe4 Qxe4 27. Nxe4 Nxd3
28. Nf6 Nxe5 29. Bb4# 1-0

[Event "Challenge"]
[Site "http://www.queenalice.com/game.php?id=1136097"]
[Date "2013.1.1"]
[Round "-"]
[White "sunking1"]
[Black "rfme"]
[Result "0-1"]
[WhiteElo "1568"]
[BlackElo "1604"]

1. d4 e6 2. d5 exd5 3. Nf3 c6 4. Bf4 d6 5. Nc3 Be7 6. Bg5 Bxg5 7. e3 Ne7 8. Nxg5
f6 9. Nf3 O-O 10. Bd3 Qb6 11. b3 Bg4 12. h3 Bxf3 13. Qxf3 d4 14. exd4 Qxd4 15.
Bxh7+ Kxh7 16. Rd1 Qe5+ 17. Ne4 Nd5 18. O-O Re8 19. g3 Na6 20. a3 b5 21. c3 Nc5
22. c4 Nxe4 23. cxd5 cxd5 24. Rde1 a5 25. a4 Nd2 26. Qd3+ Ne4 27. f4 Qc3 28. Rd1
Qxd3 29. Rxd3 Rab8 30. Rxd5 Nxg3 31. Rf3 Ne2+ 32. Kg2 bxa4 33. Rh5+ Kg8 34. f5
axb3 35. Rd3 Nf4+ 36. Kf3 Nxd3 37. Kg4 b2 38. h4 Re3 0-1

[Event "Challenge"]
[Site "http://www.queenalice.com/game.php?id=1136301"]
[Date "2013.1.2"]
[Round "-"]
[White "dejami"]
[Black "rfme"]
[Result "1/2-1/2"]
[WhiteElo "1561"]
[BlackElo "1494"]

1. e3 e5 2. d4 e4 3. Bb5 c6 4. Bc4 d5 5. Bf1 Be7 6. f3 Nf6 7. c3 O-O 8. Ne2 Qc7
9. Nd2 g5 10. Nb3 h6 11. Bd2 Bf5 12. Ng3 Be6 13. Be2 Nbd7 14. Nc1 c5 15. dxc5
Bxc5 16. Nb3 1/2-1/2

[Event "Challenge"]
[Site "http://www.queenalice.com/game.php?id=1139042"]
[Date "2013.1.10"]
[Round "-"]
[White "nereu"]
[Black "rfme"]
[Result "0-1"]
[WhiteElo "1410"]
[BlackElo "1524"]

1. e4 e5 2. Nf3 d6 3. Bc4 Be7 4. O-O Nf6 5. Nc3 O-O 6. d4 Bg4 7. Bg5 exd4 8.
Qxd4 c5 9. Qe3 Na6 10. a3 h6 11. Bf4 Qb6 12. Nd5 Qxb2 13. Rfb1 Qxc2 14. Nxe7+
Kh8 15. Rc1 Qxe4 16. Rc3 Rae8 17. Nd5 Nxd5 18. Bxd5 Qxd5 19. Qc1 b5 20. Nh4 b4
21. axb4 Nxb4 22. Qc2 Nxc2 23. Rxc2 Bd1 24. Rcc1 Re1# 0-1

[Event "Challenge"]
[Site "http://www.queenalice.com/game.php?id=1139043"]
[Date "2013.1.10"]
[Round "-"]
[White "rfme"]
[Black "nereu"]
[Result "1-0"]
[WhiteElo "1528"]
[BlackElo "1421"]

1. g3 d5 2. d4 Nf6 3. Bg2 Nc6 4. e3 e5 5. Nf3 Bb4+ 6. Bd2 Qd6 7. O-O Bg4 8. Bxb4
Qxb4 9. b3 O-O-O 10. Qd3 Bxf3 11. Bxf3 e4 12. c3 Qd6 13. Bg4+ Kb8 14. Qe2 h5 15.
Bf5 g6 16. Bh3 Rdg8 17. c4 g5 18. Bg2 h4 19. g4 h3 20. c5 Qd7 21. f3 hxg2 22.
Qxg2 Rh7 23. fxe4 Nxg4 24. Re1 Rgh8 25. h3 Nf6 26. Nc3 Rxh3 27. Qxg5 R3h6 28.
Kf2 dxe4 29. Ke2 Qh3 30. Nd5 Qf3+ 31. Kd2 Rh2+ 32. Kc3 Nxd5+ 33. Qxd5 Rd8 34.
Qg5 Nxd4 35. Qxd8# 1-0

[Event "Challenge"]
[Site "http://www.queenalice.com/game.php?id=1140757"]
[Date "2013.1.14"]
[Round "-"]
[White "rfme"]
[Black "Admilton"]
[Result "1-0"]
[WhiteElo "1542"]
[BlackElo "1661"]

1. Nf3 d6 2. d4 e6 3. e4 Nf6 4. e5 dxe5 5. Nxe5 Bd6 6. Bb5+ c6 7. Bd3 Qa5+ 8.
Bd2 Qb6 9. Bc3 Bb4 10. Nc4 Qb5 11. Nd6+ Bxd6 12. Bxb5 cxb5 13. O-O b4 14. Bd2 a5
15. c3 Nbd7 16. c4 b6 17. b3 h5 18. Qe2 Bb7 19. d5 Nc5 20. Bg5 Ng4 21. g3 Bc8
22. dxe6 Bxe6 23. Nd2 Be5 24. Rad1 f6 25. Nf3 Nd7 26. h3 Nh6 27. Bxh6 Rxh6 28.
h4 Rd8 29. Nd4 Bg4 30. f3 Bh3 31. Rfe1 Kf7 32. g4 Bg3 33. Qe7+ Kg6 34. Qxd8 Ne5
35. g5 Nf7 36. Qxb6 Rh8 37. gxf6 Bxe1 38. fxg7+ Kxg7 39. Rxe1 Rd8 40. f4 Rd6 41.
Qc5 Bg4 42. Re7 Kf6 43. Qc7 Rxd4 44. Rxf7+ Ke6 45. Qe7# 1-0

[Event "Re"]
[Site "http://www.queenalice.com/game.php?id=1140998"]
[Date "2013.1.15"]
[Round "-"]
[White "Rzeznik"]
[Black "rfme"]
[Result "1-0"]
[WhiteElo "1715"]
[BlackElo "1539"]

1. c4 d5 2. cxd5 Qxd5 3. Nc3 Qd8 4. g3 Nf6 5. Bg2 e6 6. Nf3 Bb4 7. O-O O-O 8. a3
Bxc3 9. bxc3 b5 10. Ne5 Nd5 11. Qb3 c6 12. c4 bxc4 13. Qxc4 Ba6 14. Qc5 Bxe2 15.
Re1 Bb5 16. a4 Na6 17. Qa3 Nab4 18. axb5 Nc2 19. Nxc6 Qd7 20. Qb3 Nxe1 21. Ba3
Nc2 22. Qxc2 Rfc8 23. Bc5 a5 24. Qb3 a4 25. Rxa4 Rxa4 26. Qxa4 Kh8 27. d4 Qe8
28. Bxd5 Ra8 29. Qb3 exd5 30. Qxd5 f6 31. b6 Ra6 32. b7 Rxc6 33. Qxc6 Qb8 34.
Qc8+ 1-0

[Event "Challenge"]
[Site "http://www.queenalice.com/game.php?id=1141292"]
[Date "2013.1.16"]
[Round "-"]
[White "Philomais"]
[Black "rfme"]
[Result "1-0"]
[WhiteElo "1511"]
[BlackElo "1681"]

1. g3 c6 2. Bg2 e6 3. Nf3 Be7 4. O-O Nf6 5. d4 d5 6. Ne5 O-O 7. e3 c5 8. dxc5
Bxc5 9. Nc3 b6 10. Nb5 Ba6 11. c4 Bxb5 12. cxb5 Qd6 13. Nd3 a6 14. Nxc5 Qxc5 15.
bxa6 Nxa6 16. a3 g6 17. Bd2 b5 18. b4 Qc4 19. Rc1 Qg4 20. Qxg4 Nxg4 21. h3 Ne5
22. f4 Nd3 23. Rcd1 Rac8 24. e4 d4 25. Rb1 Rc2 26. Be1 Nxe1 27. Rbxe1 d3 28. Rd1
d2 29. e5 Rfc8 30. Be4 Rc1 31. Rxd2 Rxf1+ 32. Kxf1 Rc3 33. Rd8+ Kg7 34. Ra8 Re3
35. Bc6 Nc7 36. Rc8 Nd5 37. Bxb5 Rxa3 38. Be8 Nxb4 39. Kg2 Nd3 40. Rc7 Ra2+ 41.
Kf3 Ne1+ 42. Ke4 Ra3 43. Bxf7 Kf8 44. Bxe6 Rxg3 45. Rxh7 Nf3 46. Bd7 g5 47. f5
Nd2+ 48. Kd5 Rd3+ 49. Ke6 Ne4 50. Rh8+ 1-0

[Event "Ja Ci dam!"]
[Site "http://www.queenalice.com/game.php?id=1143340"]
[Date "2013.1.21"]
[Round "-"]
[White "rfme"]
[Black "pepe72"]
[Result "1-0"]
[WhiteElo "1566"]
[BlackElo "1707"]

1. g3 e5 2. e4 Nf6 3. Nc3 d5 4. Bg2 Be6 5. d4 Nc6 6. f4 exd4 7. exd5 Bxd5 8.
Nxd5 Nxd5 9. Ne2 Bc5 10. c4 Nb6 11. b3 O-O 12. Bxc6 bxc6 13. Bb2 Re8 14. Qd3 Re3
15. Qf5 d3 16. O-O-O g6 17. Qxc5 Qe8 18. Nd4 Rd8 19. Nxc6 d2+ 20. Kb1 Qe4+ 21.
Ka1 Re1 22. Ne7+ Kf8 23. Nf5+ Kg8 24. Nh6# 1-0

[Event "Challenge"]
[Site "http://www.queenalice.com/game.php?id=1143746"]
[Date "2013.1.22"]
[Round "-"]
[White "rfme"]
[Black "nereu"]
[Result "0-1"]
[WhiteElo "1619"]
[BlackElo "1424"]

1. g3 d5 2. d4 Nf6 3. Bg2 Nc6 4. e3 e6 5. Ne2 Bb4+ 6. Bd2 Qd6 7. a3 Bxd2+ 8.
Nxd2 O-O 9. O-O Bd7 10. c4 h6 11. c5 Qe7 12. b4 a6 13. Nf4 e5 14. Nxd5 Nxd5 15.
Bxd5 exd4 16. Bxc6 Bxc6 17. exd4 Qe6 18. Nb3 Qd5 19. f3 g5 20. g4 Rae8 21. Nd2
f5 22. Re1 fxg4 23. Rxe8 Rxe8 24. Ne4 Rf8 25. Qe2 gxf3 26. Qe3 f2+ 27. Kg2 Rf4
28. Rf1 Rxe4 29. Qxf2 Rf4+ 30. Kg1 Qh1# 0-1

[Event "Challenge"]
[Site "http://www.queenalice.com/game.php?id=1143747"]
[Date "2013.1.22"]
[Round "-"]
[White "nereu"]
[Black "rfme"]
[Result "0-1"]
[WhiteElo "1485"]
[BlackElo "1654"]

1. d4 d5 2. c4 dxc4 3. e4 b5 4. f3 e5 5. d5 Ne7 6. a3 c6 7. Nc3 b4 8. axb4 g6 9.
Bxc4 Bg7 10. Nge2 O-O 11. O-O f5 12. Bg5 Qb6+ 13. Kh1 Qxb4 14. b3 fxe4 15. fxe4
Bg4 16. Bxe7 Qxe7 17. Qc2 cxd5 18. Nxd5 Qd6 19. Rfd1 Kh8 20. Ne3 Qf6 21. Nxg4
Qg5 22. Be6 h5 23. Bd5 Nc6 24. Bxc6 Rac8 25. Ra6 Qxg4 26. Qb2 Rcd8 27. Rda1 Rf2
28. Rg1 Rd1 29. Ng3 Rxb2 30. Bb5 Rbb1 31. Bf1 Bf8 32. Rxa7 Bc5 33. Ra8+ Kg7 34.
Re8 Bxg1 35. Kxg1 Rxf1+ 36. Nxf1 Qxe4 37. Re7+ Kf6 38. Re8 Qe1 39. Rf8+ Kg5 40.
Rf3 e4 41. Rg3+ Kh6 42. h3 e3 43. Rxe3 Qxf1+ 44. Kh2 h4 0-1

[Event "rewanżyk?"]
[Site "http://www.queenalice.com/game.php?id=1149399"]
[Date "2013.2.6"]
[Round "-"]
[White "pepe72"]
[Black "rfme"]
[Result "0-1"]
[WhiteElo "1691"]
[BlackElo "1617"]

1. e4 e5 2. Nf3 d6 3. d4 Bg4 4. h3 Bxf3 5. gxf3 Nc6 6. c3 g6 7. Be3 Bg7 8. f4
Qh4 9. Rh2 exf4 10. Bc1 O-O-O 11. Qd3 Re8 12. Rg2 d5 13. Rg4 dxe4 14. Rxh4 exd3+
15. Kd2 g5 16. Rg4 h6 17. Kxd3 Nf6 18. Rg2 Re1 19. Nd2 f3 20. Rg3 Rd8 21. Rxf3
Ne5+ 22. Kc2 Nxf3 23. Nxf3 Rxf1 24. Ne5 Rxf2+ 25. Bd2 c5 26. Nxf7 Rd5 27. Ne5
cxd4 28. Nc4 d3+ 29. Kb3 Nd7 30. Re1 a5 31. a4 Bf8 32. Rd1 b5 33. Ne3 Nc5+ 34.
Ka2 Rd6 35. Ng4 Rf3 36. axb5 Rxh3 37. b4 axb4 38. cxb4 Ne4 39. Bc1 Nc3+ 0-1

[Event "broń się"]
[Site "http://www.queenalice.com/game.php?id=1150469"]
[Date "2013.2.10"]
[Round "-"]
[White "rfme"]
[Black "Rzeznik"]
[Result "1-0"]
[WhiteElo "1595"]
[BlackElo "1744"]

1. Nh3 d5 2. d4 Bxh3 3. gxh3 Nc6 4. e3 e5 5. Bg2 Nf6 6. O-O exd4 7. exd4 Qd7 8.
Qe2+ Be7 9. c3 O-O-O 10. Na3 a6 11. b4 Kb8 12. b5 axb5 13. Qxb5 Bxa3 14. Bxa3
Nxd4 15. Qb2 Nc6 16. Rab1 b6 17. Bc5 Rhe8 18. Bxb6 cxb6 19. Qxb6+ Ka8 20. Qa6+
Na7 21. c4 Ne4 22. Rfd1 d4 23. Rxd4 Qc6 24. Rxd8+ Rxd8 25. Qxc6+ Nxc6 26. Bxe4
Rd6 27. Rb6 Ka7 28. Rxc6 Rd1+ 29. Kg2 Kb8 30. Bxh7 Rd4 31. a4 Kb7 32. Rc5 Kb6
33. Rb5+ Kc6 34. a5 Rxc4 35. Bd3 Rc3 36. Be2 Ra3 37. Rf5 f6 38. a6 Kd6 39. Rf3
Ra2 40. Rd3+ Kc7 41. Re3 Kc6 42. Re7 Kd6 43. Re8 g5 44. Bb5 Kc5 45. Rb8 f5 46.
Kg3 Ra1 47. Bd3 f4+ 48. Kg4 Kd4 49. Rb1 Ra5 50. Bb5 Kc5 51. Kxg5 f3 52. h4 Ra2
53. h5 Rxf2 54. Ra1 Rg2+ 55. Kh6 f2 56. Bf1 Rg8 57. a7 Ra8 58. Kg7 1-0

[Event "Jeszcze raz?"]
[Site "http://www.queenalice.com/game.php?id=1153282"]
[Date "2013.2.18"]
[Round "-"]
[White "rfme"]
[Black "pepe72"]
[Result "1-0"]
[WhiteElo "1620"]
[BlackElo "1653"]

1. e4 e5 2. Nf3 Nf6 3. d4 Nc6 4. d5 Nb4 5. Bg5 h6 6. Bxf6 gxf6 7. c3 Na6 8. Be2
b6 9. b4 Bb7 10. O-O c5 11. b5 Nc7 12. c4 d6 13. g3 Qd7 14. Nh4 O-O-O 15. Bg4
Ne6 16. dxe6 fxe6 17. Nc3 Rg8 18. Nd5 Bxd5 19. exd5 Be7 20. Bxe6 Qxe6 21. dxe6
Rde8 22. Qh5 1-0

[Event "pawel"]
[Site "http://www.queenalice.com/game.php?id=1153872"]
[Date "2013.2.20"]
[Round "1"]
[White "vinoseco"]
[Black "rfme"]
[Result "1-0"]
[WhiteElo "1639"]
[BlackElo "1636"]

1. e4 g6 2. d4 d6 3. Qf3 Nc6 4. Bc4 Nxd4 5. Qxf7+ Kd7 6. Bb3 Nf6 7. f3 c5 8. Bg5
Qa5+ 9. Nd2 c4 10. Bxf6 cxb3 11. Bxd4 bxc2 12. Bxh8 Bh6 13. Bc3 Qb6 14. Bf6 Qe3+
15. Kf1 Qd3+ 16. Ne2 Bxd2 17. Qxe7+ Kc6 18. Qe8+ Bd7 19. Qxa8 c1=Q+ 20. Rxc1+
Bxc1 21. Qxa7 Qd1+ 22. Kf2 Qxh1 23. Nd4+ Kc7 24. Qa5+ Kb8 25. Qd8+ Bc8 26. Qxd6+
Ka8 27. Qa3+ Kb8 28. Be5# 1-0

[Event "Challenge"]
[Site "http://www.queenalice.com/game.php?id=1159312"]
[Date "2013.3.9"]
[Round "-"]
[White "rfme"]
[Black "pj"]
[Result "1-0"]
[WhiteElo "1678"]
[BlackElo "1595"]

1. g3 e5 2. Nh3 e4 3. e3 f6 4. Bg2 d5 5. Nc3 c6 6. a3 g5 7. b4 b5 8. O-O h5 9.
d3 exd3 10. Qxd3 f5 11. a4 Bxb4 12. Bb2 Bxc3 13. Bxc3 Rh7 14. axb5 cxb5 15.
Qxb5+ Bd7 16. Qxd5 Ne7 17. Qxa8 Bc6 18. Qxa7 Rf7 19. Nxg5 Bxg2 20. Kxg2 Nec6 21.
Qxf7# 1-0

[Event "Challenge"]
[Site "http://www.queenalice.com/game.php?id=1160769"]
[Date "2013.3.14"]
[Round "-"]
[White "rfme"]
[Black "Kravchenko"]
[Result "0-1"]
[WhiteElo "1691"]
[BlackElo "1844"]

1. g3 Nf6 2. Bg2 d5 3. e3 Nc6 4. d4 Bf5 5. c3 e6 6. Qb3 Na5 7. Qb5+ c6 8. Qa4
Bd6 9. b4 Nc4 10. b5 cxb5 11. Qxb5+ Qd7 12. Qxd7+ Nxd7 13. Nf3 Rc8 14. O-O Nf6
15. a4 Bd3 16. Re1 Ne4 17. Nfd2 Ncxd2 18. Bxd2 Bxb1 19. Raxb1 Nxd2 20. Rxb7 Rxc3
21. Rxa7 O-O 22. a5 Rc2 23. a6 Rfc8 24. Bf1 Nf3+ 25. Kg2 Nxe1+ 26. Kg1 Bb4 0-1

[Event "pawel"]
[Site "http://www.queenalice.com/game.php?id=1168625"]
[Date "2013.4.5"]
[Round "2"]
[White "Rzeznik"]
[Black "rfme"]
[Result "1-0"]
[WhiteElo "1843"]
[BlackElo "1658"]

1. g3 f5 2. d4 d5 3. Nf3 e6 4. Bg5 Be7 5. Bxe7 Nxe7 6. Bg2 O-O 7. O-O c6 8. e3
b5 9. a3 a5 10. Nbd2 Na6 11. Ne5 Bb7 12. Nb3 a4 13. Nc5 Nxc5 14. dxc5 Ba6 15.
Re1 Qe8 16. f4 Ng6 17. Qd4 Nxe5 18. Qxe5 Rb8 19. Qd6 b4 20. b3 e5 21. Bxd5+ cxd5
22. Qxa6 axb3 23. cxb3 e4 24. Red1 Ra8 25. Qb7 d4 26. Rxd4 Rxa3 27. Rxa3 bxa3
28. Qa6 Qa8 29. Ra4 Qxa6 30. Rxa6 Rc8 31. b4 Rb8 32. Rxa3 Rxb4 33. Rc3 Rb8 34.
c6 Rc8 35. Rc5 g6 36. h3 h5 37. c7 Kf7 38. Rc6 Kg7 39. Kg2 Kf7 40. g4 hxg4 41.
hxg4 fxg4 42. Kg3 Ke7 43. Kxg4 Kd7 44. Rxg6 Rxc7 45. Rg7+ Kd6 46. Rxc7 Kxc7 47.
Kf5 Kd6 48. Kxe4 1-0